| 000 | 00944nam a2200217 i 4500 | ||
|---|---|---|---|
| 001 | 152084 | ||
| 003 | ES-MaACL | ||
| 005 | 20250819002058.0 | ||
| 008 | 931025m18711873sp a |||| | spa d | ||
| 130 | 0 |
_aBiblia. _lEspañol _9119282 |
|
| 245 | 1 | 3 |
_aLa Sagrada Biblia / _ctraducida de la Vulgata Latina al español, aclarado el sentido de algunos lugares con la luz que dan los textos originales hebreo y griego e ilustrada con varias notas sacadas de los Santos Padres y Expositores sagrados por Félix Torres Amat. |
| 250 |
_aNueva ed. _bilustrada por Gustavo Doré. |
||
| 260 |
_aBarcelona : _bMontaner y Simon, _c1871-1873 ( _fImp. de Ramirez y Cª) |
||
| 300 |
_a4 v. : _bil., grab. ; _c44 cm. |
||
| 630 | 0 | 4 |
_aBiblia _9119237 |
| 700 | 1 |
_aTorres Amat, Félix. _9110925 |
|
| 700 | 1 |
_aDoré, Gustave. _945388 |
|
| 710 | 2 |
_aMontaner y Simón. _9134693 |
|
| 852 |
_aES-MaACL _jC-2208-11 _z- Enc. hol. |
||
| 999 |
_c152084 _d152084 |
||